Manchester United Top 20 Premier League Scorers - Statistics

General Stats
  • This quiz has been taken 284 times
  • The average score is 14 of 20
Answer Stats
Goal Number Answer % Correct
183 Wayne Rooney
100%
107 Paul Scholes
93%
109 Ryan Giggs
92%
84 Cristiano Ronaldo
89%
95 Ruud Van Nistelrooy
86%
93 Andrew Cole
85%
48 Dwight Yorke
83%
48 Robin Van Persie
81%
62 David Beckham
80%
64 Eric Cantona
74%
31 Teddy Sheringham
73%
91 Ole Gunnar Solskjaer
72%
48 Dimitar Berbatov
65%
33 Roy Keane
61%
33 Anthony Martial
59%
35 Mark Hughes
55%
28 Romelu Lukaku
44%
37 Javier Hernandez
42%
28 Louis Saha
41%
32 Juan Mata
31%
No matching quizzes found
Score Distribution
Percent of People with Each Score
Percentile by Number Answered
Your Score History
You have not taken this quiz